| 000 | 00877nam a22002655a 4500 | ||
|---|---|---|---|
| 005 | 20150818150834.0 | ||
| 008 | 090105r20081998-uka|||fr|||| 00| 0 eng d | ||
| 010 | _a 98018286 | ||
| 020 | _a9780444821966 | ||
| 040 |
_aEG-ScBUE _beng _cEG-ScBUE |
||
| 082 | 0 | 4 |
_a622.3382 _bDAN _222 |
| 100 | 1 |
_aDanesh, Ali. _99284 |
|
| 245 | 1 | 0 |
_aPVT and phase behaviour of petroleum reservoir fluids / _cAli Danesh. |
| 260 |
_aOxford : _bElsevier, _c2008. |
||
| 300 |
_axi, 388 p. : _bill. ; _c25 cm. |
||
| 490 |
_aDevelopments in petroleum science ; _v47 |
||
| 500 | _aIndex : p. 385-388. | ||
| 504 | _aIncludes bibliographical references. | ||
| 590 | _ayassmeen ashraf | ||
| 650 | 0 |
_aOil reservoir engineering. _99285 _2BUEsh |
|
| 650 | 0 |
_aPhase rule and equilibrium. _99286 _2BUEsh |
|
| 651 | _2BUEsh | ||
| 653 |
_bENGPET _cAugust2015 |
||
| 942 |
_cBB _k622.3382 DAN _2ddc |
||
| 999 |
_c5761 _d5761 |
||